Babyshambles Songs Albums & EP - Statistics

General Stats
  • This quiz has been taken 5 times
  • The average score is 20 of 45
Answer Stats
Hint Answer % Correct
Down in Albion Albion
100%
Down in Albion Fuck Forever
100%
Down in Albion The 32nd of December
100%
Shotter's Nation You Talk
100%
Down in Albion 8 Dead Boys
67%
Down in Albion Back from the Dead
67%
Shotter's Nation Baddie's Boogie
67%
The Blinding EP Beg, Steal or Borrow
67%
Shotter's Nation Carry on up the Morning
67%
Shotter's Nation Delivery
67%
Sequel To The Prequel Fireman
67%
Shotter's Nation French Dog Blues
67%
The Blinding EP I Wish
67%
Down in Albion Killamangiro
67%
Sequel To The Prequel Maybelline
67%
Sequel To The Prequel Penguins
67%
Sequel To The Prequel Picture Me in a Hospital
67%
Down in Albion Pipedown
67%
Sequel To The Prequel Sequel to the Prequel
67%
The Blinding EP The Blinding
67%
Shotter's Nation UnBiloTitled
67%
Down in Albion A'rebours
33%
Sequel To The Prequel Dr. No
33%
Sequel To The Prequel Farmer's Daughter
33%
Down in Albion In Love With a Feeling
33%
Down in Albion La Belle et la Bete
33%
Shotter's Nation Lost Art of Murder
33%
Down in Albion Loyalty Song
33%
Down in Albion Merry Go Round
33%
Down in Albion Pentonville
33%
The Blinding EP Sedative
33%
Shotter's Nation Unstookie Titled
33%
Down in Albion Up the Morning
33%
Down in Albion What Katy Did Next
33%
Shotter's Nation Crumb Begging Baghead
0%
Shotter's Nation Deft Left Hand
0%
Sequel To The Prequel Fall from Grace
0%
The Blinding EP Love You but You´re Green
0%
Sequel To The Prequel Minefield
0%
Sequel To The Prequel New Pair
0%
Sequel To The Prequel Nothing Comes to Nothing
0%
Sequel To The Prequel Seven Shades
0%
Shotter's Nation Side of the Road
0%
Down in Albion Sticks and Stones
0%
Shotter's Nation There She Goes
0%
No matching quizzes found
Score Distribution
Percent of People with Each Score
Percentile by Number Answered
Your Score History
You have not taken this quiz